[Event "Suwalki 18th"]
[Site "Suwalki"]
[Date "2013.01.31"]
[Round "6"]
[White "Barmuta, Bartosz"]
[Black "Galaszewski, Patryk"]
[Result "0-1"]
[WhiteElo "1525"]
[BlackElo "1855"]
[PlyCount "54"]
[EventDate "2013.01.28"]
[EventType "tourn"]
[EventRounds "7"]
[EventCountry "POL"]
[SourceTitle "EXT 2015"]
[Source "ChessBase"]
[SourceDate "2014.11.20"]
[SourceVersion "1"]
[SourceVersionDate "2014.11.20"]
[SourceQuality "1"]

1. e4 g6 2. d4 Bg7 3. c4 c5 4. d5 d6 5. Nc3 e5 6. Bd3 Ne7 7. Nge2 0-0 8. 0-0 f5 9. Bg5 h6 10. Bxe7 Qxe7 11. f3 f4 12. Qe1 Nd7 13. Kh1 Nf6 14. a3 Nh5 15. b4 b6 16. b5 Bf6 17. g3 fxg3 18. hxg3 Bg5 19. Kg2 Be3 20. Nd1 Bg5 21. a4 Qd7 22. Ng1 Bd8 23. Ne3 Rb8 24. Ra2 Rb7 25. Be2 Qe7 26. Bd1 Qg5 27. Re2 Nf4+ 0-1

[Event "POL-ch qual U15"]
[Site "Lublin"]
[Date "2010.09.26"]
[Round "9.1"]
[White "Galaszewski, Patryk"]
[Black "Zochowski, Kacper"]
[Result "1/2-1/2"]
[WhiteElo "1829"]
[BlackElo "1903"]
[PlyCount "61"]
[EventDate "2010.09.22"]
[EventType "swiss"]
[EventRounds "9"]
[EventCountry "POL"]
[SourceTitle "EXT 2023"]
[Source "ChessBase"]
[SourceDate "2022.10.05"]
[SourceVersion "1"]
[SourceVersionDate "2022.10.05"]
[SourceQuality "1"]

1. d4 Nf6 2. c4 e6 3. Nc3 Bb4 4. a3 Bxc3+ 5. bxc3 b6 6. Nf3 Ne4 7. Bb2 Bb7 8. g3 d6 9. Bg2 Nd7 10. 0-0 0-0 11. Nd2 Nxd2 12. Qxd2 Bxg2 13. Kxg2 Qe7 14. e4 e5 15. Rae1 Rad8 16. Qd3 f5 17. Bc1 f4 18. gxf4 exf4 19. f3 Qh4 20. Kh1 Rf6 21. Re2 Qh3 22. Rg1 Nf8 23. Bd2 Ng6 24. Be1 Re6 25. Rd2 Nf8 26. Rgg2 Rg6 27. Qf1 Rxg2 28. Qxg2 Qxg2+ 29. Rxg2 Ne6 30. Rb2 c5 31. Bf2 1/2-1/2

[Event "POL-ch qual U15"]
[Site "Lublin"]
[Date "2010.09.25"]
[Round "8.3"]
[White "Galaszewski, Patryk"]
[Black "Gora, Jan"]
[Result "0-1"]
[WhiteElo "1829"]
[BlackElo "1907"]
[PlyCount "76"]
[EventDate "2010.09.22"]
[EventType "swiss"]
[EventRounds "9"]
[EventCountry "POL"]
[SourceTitle "EXT 2023"]
[Source "ChessBase"]
[SourceDate "2022.10.05"]
[SourceVersion "1"]
[SourceVersionDate "2022.10.05"]
[SourceQuality "1"]

1. d4 d5 2. Nf3 e6 3. Bg5 Be7 4. Bxe7 Qxe7 5. c3 Nd7 6. Nbd2 f5 7. e3 Ngf6 8. Be2 0-0 9. 0-0 e5 10. dxe5 Nxe5 11. Nxe5 Qxe5 12. Nf3 Qe7 13. c4 dxc4 14. Bxc4+ Be6 15. Qb3 Bxc4 16. Qxc4+ Qf7 17. Qxf7+ Kxf7 18. Rfd1 Rfd8 19. Kf1 Ke7 20. Ke2 g6 21. h3 Rac8 22. Rxd8 Rxd8 23. Rc1 c6 24. Nd4 Rd5 25. f3 f4 26. Nb3 fxe3 27. Kxe3 Kd6 28. f4 c5 29. a4 b6 30. Rc2 Kc6 31. g4 a6 32. g5 Nh5 33. h4 Ng3 34. Kf3 Rd3+ 35. Kg4 Rxb3 36. Rc3 Rxc3 37. bxc3 Nf5 38. h5 Kd5 0-1

[Event "POL-ch qual U15"]
[Site "Lublin"]
[Date "2010.09.23"]
[Round "4.3"]
[White "Daciuk, Jaroslaw"]
[Black "Galaszewski, Patryk"]
[Result "1/2-1/2"]
[WhiteElo "1554"]
[BlackElo "1829"]
[PlyCount "104"]
[EventDate "2010.09.22"]
[EventType "swiss"]
[EventRounds "9"]
[EventCountry "POL"]
[SourceTitle "EXT 2023"]
[Source "ChessBase"]
[SourceDate "2022.10.05"]
[SourceVersion "1"]
[SourceVersionDate "2022.10.05"]
[SourceQuality "1"]

1. c4 g6 2. Nc3 Bg7 3. Nf3 d6 4. g3 c6 5. Bg2 f5 6. d4 Nf6 7. 0-0 0-0 8. h3 Qc7 9. d5 Nbd7 10. dxc6 bxc6 11. Nd4 Nb8 12. Nxc6 Nxc6 13. Nd5 Qd7 14. Nxf6+ Bxf6 15. Qd5+ Kg7 16. Qxc6 Rb8 17. Qxd7 Bxd7 18. Rb1 Be6 19. Bd5 Bxd5 20. cxd5 Rb5 21. Rd1 Rc8 22. b3 Rc2 23. a4 Rb7 24. Kf1 Rc3 25. Rd3 Rxd3 26. exd3 Bc3 27. Be3 a5 28. Ke2 Kf6 29. d4 f4 30. gxf4 Kf5 31. f3 Bb4 32. Kd3 Ba3 33. h4 h5 34. Bd2 Bb4 35. Bxb4 Rxb4 36. Kc3 Kxf4 37. Rg1 Kf5 38. Rg5+ Kf6 39. f4 Rb8 40. f5 gxf5 41. Rxh5 f4 42. Rh6+ Kf5 43. Re6 Kg4 44. Rxe7 Rg8 45. Re6 f3 46. Rf6 Kg3 47. Rxd6 Rf8 48. Rg6+ Kh2 49. Re6 f2 50. Re2 Kg3 51. Rxf2 Rc8+ 52. Kd3 Kxf2 1/2-1/2

[Event "Rewal op-B 15th"]
[Site "Rewal"]
[Date "2010.08.27"]
[Round "9"]
[White "Panczuk, Joanna"]
[Black "Galaszewski, Patryk"]
[Result "1/2-1/2"]
[WhiteElo "1656"]
[BlackElo "1829"]
[PlyCount "55"]
[EventDate "2010.08.18"]
[EventType "swiss"]
[EventRounds "9"]
[EventCountry "POL"]
[SourceTitle "EXT 2014"]
[Source "ChessBase"]
[SourceDate "2013.11.20"]
[SourceVersion "1"]
[SourceVersionDate "2013.11.20"]
[SourceQuality "1"]

1. Nf3 g6 2. d4 Bg7 3. e3 d6 4. Be2 Nf6 5. 0-0 0-0 6. c4 Nbd7 7. Nc3 e6 8. Bd2 c5 9. Rc1 b6 10. Qc2 Bb7 11. Rfd1 Qe7 12. Be1 Rfd8 13. Nd2 Rac8 14. b3 Ne8 15. Nf3 f5 16. Qb1 Nef6 17. Nd2 d5 18. cxd5 Nxd5 19. Nxd5 Bxd5 20. dxc5 Nxc5 21. Bf3 Bxf3 22. Nxf3 Rxd1 23. Rxd1 e5 24. Bb4 e4 25. Nd4 Qe8 26. Bxc5 Rxc5 27. Rc1 Qc8 28. Rxc5 1/2-1/2

[Event "Rewal op-B 15th"]
[Site "Rewal"]
[Date "2010.08.20"]
[Round "2"]
[White "Kaczmarek, Aleksander"]
[Black "Galaszewski, Patryk"]
[Result "1-0"]
[WhiteElo "1992"]
[BlackElo "1829"]
[PlyCount "53"]
[EventDate "2010.08.18"]
[EventType "swiss"]
[EventRounds "9"]
[EventCountry "POL"]
[SourceTitle "EXT 2014"]
[Source "ChessBase"]
[SourceDate "2013.11.20"]
[SourceVersion "1"]
[SourceVersionDate "2013.11.20"]
[SourceQuality "1"]

1. e4 d6 2. d4 Nf6 3. Nc3 c6 4. f4 Qa5 5. Bd3 e5 6. Nf3 Bg4 7. dxe5 dxe5 8. fxe5 Bxf3 9. Qxf3 Qxe5 10. Bf4 Qe6 11. 0-0 Bc5+ 12. Kh1 Nbd7 13. e5 Nd5 14. Ne4 h6 15. Bg3 0-0 16. Rae1 Nb4 17. Nxc5 Nxc5 18. Bf5 Qe7 19. Qg4 Nd5 20. c4 Nb4 21. Bh4 g5 22. Qh5 Kg7 23. Bb1 Nd7 24. e6 gxh4 25. exd7 Qg5 26. Qf3 Rad8 27. Qc3+ 1-0

[Event "POL-ch U16"]
[Site "Karpacz"]
[Date "2010.03.10"]
[Round "7"]
[White "Malec, Sebastian"]
[Black "Galaszewski, Patryk"]
[Result "1-0"]
[WhiteElo "2130"]
[BlackElo "1790"]
[PlyCount "63"]
[EventDate "2010.03.06"]
[EventType "swiss"]
[EventRounds "11"]
[EventCountry "POL"]
[SourceTitle "CBM 135 Extra"]
[Source "ChessBase"]
[SourceDate "2010.05.04"]
[SourceVersion "1"]
[SourceVersionDate "2010.05.04"]
[SourceQuality "1"]

1. e4 g6 2. d4 Bg7 3. Nc3 d6 4. Be3 c6 5. h3 Nd7 6. g4 b5 7. Bg2 a6 8. Nf3 Qc7 9. 0-0 e5 10. Ne2 Ne7 11. Ng3 c5 12. c3 Nb6 13. b3 0-0 14. Nh4 a5 15. f4 exf4 16. Bxf4 Bb7 17. Rc1 a4 18. Kh2 Qd8 19. dxc5 Nec8 20. g5 dxc5 21. Qc2 Qe7 22. Rcd1 Re8 23. Rfe1 Be5 24. Nhf5 Qe6 25. Nh6+ Kg7 26. Rf1 axb3 27. Bxe5+ Qxe5 28. Rxf7+ Kh8 29. Qf2 Ne7 30. Ng4 Qe6 31. Qf6+ Qxf6 32. Nxf6 1-0

[Event "POL-ch U16"]
[Site "Karpacz"]
[Date "2010.03.07"]
[Round "2"]
[White "Galaszewski, Patryk"]
[Black "Licznerski, Lukasz"]
[Result "1-0"]
[WhiteElo "1790"]
[BlackElo "2001"]
[PlyCount "77"]
[EventDate "2010.03.06"]
[EventType "swiss"]
[EventRounds "11"]
[EventCountry "POL"]
[SourceTitle "CBM 135 Extra"]
[Source "ChessBase"]
[SourceDate "2010.05.04"]
[SourceVersion "1"]
[SourceVersionDate "2010.05.04"]
[SourceQuality "1"]

1. d4 Nf6 2. Nf3 b6 3. Bf4 Bb7 4. e3 e6 5. Be2 Be7 6. 0-0 0-0 7. c4 c5 8. Nc3 cxd4 9. Nxd4 a6 10. Rc1 Nc6 11. Bf3 Qc8 12. Na4 Nxd4 13. exd4 Bd8 14. c5 Bd5 15. cxb6 Qb7 16. Bc7 Bxc7 17. Rxc7 Qb8 18. Rc3 d6 19. Qe2 Qe8 20. b7 Rb8 21. Qxa6 Qd7 22. Bxd5 Nxd5 23. Rb3 Qc7 24. Nc3 Ne7 25. Ne4 Rfd8 26. Rb6 Nf5 27. Rd1 d5 28. Nc3 Nd6 29. Nb5 Qc2 30. Rf1 Nxb5 31. Qxb5 Qc7 32. a4 Rd7 33. a5 Rxb7 34. Rxb7 Qxb7 35. Qxb7 Rxb7 36. Ra1 Rxb2 37. a6 Rb8 38. a7 Ra8 39. Rb1 1-0

[Event "Suwalki op"]
[Site "Suwalki"]
[Date "2010.01.28"]
[Round "8"]
[White "Galaszewski, Patryk"]
[Black "Murawko, Julia"]
[Result "1-0"]
[WhiteElo "1778"]
[BlackElo "1505"]
[PlyCount "87"]
[EventDate "2010.01.25"]
[EventType "swiss"]
[EventRounds "9"]
[EventCountry "POL"]
[SourceTitle "CBM 134 Extra"]
[Source "ChessBase"]
[SourceDate "2010.03.03"]
[SourceVersion "1"]
[SourceVersionDate "2010.03.03"]
[SourceQuality "1"]

1. d4 d5 2. c4 e6 3. Nc3 Nf6 4. Bg5 dxc4 5. Bxf6 Qxf6 6. e4 Nc6 7. Nf3 Bb4 8. Bxc4 0-0 9. 0-0 Rd8 10. e5 Qe7 11. a3 Ba5 12. Re1 Nxd4 13. Nxd4 c5 14. Qa4 Bxc3 15. Nc6 bxc6 16. bxc3 Bd7 17. Rab1 Qg5 18. Rb7 a5 19. h3 Be8 20. Re3 Qh4 21. Be2 Qg5 22. Bf3 Rdc8 23. Rb6 Qd8 24. Rb1 Qc7 25. Qc4 Qa7 26. Qh4 Rab8 27. Rd1 Qc7 28. Rd6 Qb7 29. Be4 h6 30. Rg3 Kf8 31. Qg4 g6 32. Qf4 Kg7 33. Qf6+ Kh7 34. h4 h5 35. Rg5 Kg8 36. g4 Qb5 37. gxh5 Qe2 38. h6 Qe1+ 39. Kh2 Qxf2+ 40. Qxf2 Kh7 41. Qf6 Rb2+ 42. Kg3 Rg2+ 43. Bxg2 Kxh6 44. Qh8# 1-0

[Event "Suwalki op"]
[Site "Suwalki"]
[Date "2010.01.27"]
[Round "6"]
[White "Galaszewski, Patryk"]
[Black "Mockun, Dawid"]
[Result "1-0"]
[WhiteElo "1778"]
[BlackElo "1672"]
[PlyCount "105"]
[EventDate "2010.01.25"]
[EventType "swiss"]
[EventRounds "9"]
[EventCountry "POL"]
[SourceTitle "CBM 134 Extra"]
[Source "ChessBase"]
[SourceDate "2010.03.03"]
[SourceVersion "1"]
[SourceVersionDate "2010.03.03"]
[SourceQuality "1"]

1. d4 d5 2. c4 e6 3. Nc3 c6 4. Nf3 Nf6 5. e3 Bd6 6. Bd3 0-0 7. 0-0 Nbd7 8. c5 Bc7 9. b4 e5 10. dxe5 Nxe5 11. Nxe5 Bxe5 12. Bb2 Ng4 13. h3 Qh4 14. Qe2 Nh2 15. Rfd1 Bg4 16. hxg4 Nxg4 17. Qf3 f5 18. Rd2 Rf6 19. Nd1 Qh2+ 20. Kf1 Qh1+ 21. Ke2 Nh2 22. Nc3 Qxa1 23. Bxa1 Nxf3 24. Kxf3 g5 25. Nxd5 Bxa1 26. Nxf6+ Bxf6 27. Bxf5 Rd8 28. Rxd8+ Bxd8 29. Bc8 b6 30. Ke4 Kf7 31. Bd7 bxc5 32. bxc5 Be7 33. Kd4 Bf6+ 34. Kc4 h5 35. Bxc6 g4 36. Bd7 Kg6 37. c6 Be5 38. Kd5 Bc7 39. e4 Kf6 40. Be8 h4 41. Bd7 g3 42. f3 a6 43. Bc8 a5 44. a4 Be5 45. Kc5 Bc7 46. Kb5 Ke5 47. Ka6 Kd6 48. Kb7 Bd8 49. Bg4 Kc5 50. c7 Bxc7 51. Kxc7 Kb4 52. e5 Kxa4 53. e6 1-0

[Event "Suwalki op"]
[Site "Suwalki"]
[Date "2010.01.25"]
[Round "2"]
[White "Barmuta, Bartosz"]
[Black "Galaszewski, Patryk"]
[Result "0-1"]
[WhiteElo "1519"]
[BlackElo "1778"]
[PlyCount "128"]
[EventDate "2010.01.25"]
[EventType "swiss"]
[EventRounds "9"]
[EventCountry "POL"]
[SourceTitle "CBM 134 Extra"]
[Source "ChessBase"]
[SourceDate "2010.03.03"]
[SourceVersion "1"]
[SourceVersionDate "2010.03.03"]
[SourceQuality "1"]

1. e4 d6 2. d4 Nf6 3. Nc3 Nc6 4. Nf3 g6 5. Bf4 Bg7 6. Be2 0-0 7. 0-0 Qe8 8. h3 e5 9. dxe5 dxe5 10. Be3 Be6 11. Bb5 a6 12. Bxc6 Qxc6 13. Nxe5 Qd6 14. Qxd6 cxd6 15. Nf3 b5 16. a3 Rac8 17. Rad1 Rfd8 18. Nd4 Bc4 19. Rfe1 Nd7 20. Bf4 Ne5 21. Nce2 Kf8 22. c3 Nd3 23. Rxd3 Bxd3 24. f3 Bxe2 25. Nxe2 d5 26. e5 h6 27. Nd4 Ke7 28. Kf2 Re8 29. Bh2 f6 30. exf6+ Kxf6 31. Rd1 Kf7 32. Ne2 Rcd8 33. Rd2 Re7 34. g4 Red7 35. Ke3 g5 36. f4 gxf4+ 37. Bxf4 Kg6 38. Bg3 Re8+ 39. Kf3 Be5 40. Bxe5 Rxe5 41. Nf4+ Kg5 42. h4+ Kf6 43. Nh5+ Ke6 44. Nf4+ Kd6 45. Nd3 Rf7+ 46. Kg2 Re4 47. Kg3 a5 48. Nf2 Re3+ 49. Kg2 Kc5 50. Nd1 Re4 51. Nf2 Re3 52. Nd1 Re1 53. Nf2 Re6 54. Nd3+ Kc4 55. Nc1 Re4 56. b3+ Kxc3 57. Rxd5 b4 58. axb4 axb4 59. g5 Rxh4 60. gxh6 Rxh6 61. Rg5 Kc2 62. Rc5+ Kb2 63. Nd3+ Kxb3 64. Nxb4 Rg6+ 0-1

[Event "Suwalki op"]
[Site "Suwalki"]
[Date "2010.01.25"]
[Round "3"]
[White "Galaszewski, Patryk"]
[Black "Kalejta, Arkadiusz"]
[Result "1-0"]
[WhiteElo "1778"]
[BlackElo "1636"]
[PlyCount "69"]
[EventDate "2010.01.25"]
[EventType "swiss"]
[EventRounds "9"]
[EventCountry "POL"]
[SourceTitle "CBM 134 Extra"]
[Source "ChessBase"]
[SourceDate "2010.03.03"]
[SourceVersion "1"]
[SourceVersionDate "2010.03.03"]
[SourceQuality "1"]

1. d4 d5 2. c4 e6 3. Nc3 c6 4. a4 Bb4 5. Nf3 dxc4 6. e4 b5 7. Bd2 a5 8. Be2 Bb7 9. 0-0 Nf6 10. Bg5 h6 11. Bxf6 Qxf6 12. axb5 Bxc3 13. bxc6 Nxc6 14. bxc3 0-0 15. Bxc4 Ba6 16. Bxa6 Rxa6 17. Qd3 Rfa8 18. d5 Ne5 19. Nxe5 Qxe5 20. Ra4 Rd6 21. f4 Qh5 22. c4 exd5 23. cxd5 Qh4 24. e5 Rd7 25. Rfa1 Qd8 26. d6 Rb7 27. h3 Qb6+ 28. Kh2 Qd8 29. Qd5 Rab8 30. f5 Kh8 31. Kh1 Kg8 32. e6 fxe6 33. fxe6 Kh8 34. Rf1 Kh7 35. e7 1-0

[Event "Rewal op-B 14th"]
[Site "Rewal"]
[Date "2009.08.29"]
[Round "9"]
[White "Galaszewski, Patryk"]
[Black "Szymanski, Grzegorz"]
[Result "0-1"]
[WhiteElo "1788"]
[BlackElo "1923"]
[PlyCount "76"]
[EventDate "2009.08.20"]
[EventType "swiss"]
[EventRounds "9"]
[EventCountry "POL"]
[SourceTitle "EXT 2011"]
[Source "ChessBase"]
[SourceDate "2010.11.26"]
[SourceVersion "1"]
[SourceVersionDate "2010.11.26"]
[SourceQuality "1"]

1. d4 e6 2. c4 c5 3. Nf3 Nf6 4. Nc3 cxd4 5. Nxd4 a6 6. e4 d6 7. Be2 Be7 8. 0-0 0-0 9. Be3 Nc6 10. Rc1 Bd7 11. Qd2 Rc8 12. Rfd1 Ne5 13. b3 Neg4 14. Bg5 Ne5 15. Nf3 Bc6 16. Bxf6 gxf6 17. Nd4 Bd7 18. Qh6 Kh8 19. f4 Ng6 20. Rd3 Rg8 21. Rh3 Rg7 22. f5 Ne5 23. Kh1 Qb6 24. Qd2 Rcg8 25. Rg1 Qc7 26. Nd1 Qc8 27. Ne3 Qc5 28. Bd1 b5 29. cxb5 axb5 30. Be2 Rc8 31. b4 Qb6 32. Nd1 Nc6 33. Nxb5 d5 34. exd5 exd5 35. Qxd5 Ne5 36. a3 Bxf5 37. Rc3 Rd8 38. Qf3 Nxf3 0-1

[Event "Rewal op-B 14th"]
[Site "Rewal"]
[Date "2009.08.22"]
[Round "3"]
[White "Galaszewski, Patryk"]
[Black "Sikora, Rafal"]
[Result "1-0"]
[WhiteElo "1788"]
[BlackElo "1615"]
[PlyCount "77"]
[EventDate "2009.08.20"]
[EventType "swiss"]
[EventRounds "9"]
[EventCountry "POL"]
[SourceTitle "EXT 2011"]
[Source "ChessBase"]
[SourceDate "2010.11.26"]
[SourceVersion "1"]
[SourceVersionDate "2010.11.26"]
[SourceQuality "1"]

1. d4 d5 2. c4 c6 3. Nc3 e6 4. Nf3 dxc4 5. e4 b5 6. a4 Bb4 7. Bg5 f6 8. Bh4 Ne7 9. Be2 Bb7 10. 0-0 0-0 11. axb5 Bxc3 12. bxc6 Bxc6 13. bxc3 Bxe4 14. Bxc4 Bd5 15. Qb3 Nbc6 16. Bxd5 exd5 17. Bg3 Kh8 18. h3 Qd7 19. Rfb1 a5 20. Ne1 Qf5 21. Qb5 h6 22. Bd6 Qe4 23. Rb2 Rfe8 24. Re2 Qf5 25. Bxe7 Nxe7 26. Rxa5 Rab8 27. Rxe7 Rxb5 28. Rxe8+ Kh7 29. Rxb5 Qd7 30. Rbb8 Qc7 31. Rbc8 Qa5 32. Nf3 Qa1+ 33. Kh2 Qc1 34. Rc5 Qf4+ 35. Kg1 Qc1+ 36. Re1 Qc2 37. Rxd5 Qxc3 38. Rc5 Qb4 39. Rec1 1-0

[Event "POL-chT U14 15th"]
[Site "Sielpia"]
[Date "2009.05.02"]
[Round "8"]
[White "Cukrowski, Filip"]
[Black "Galaszewski, Patryk"]
[Result "1-0"]
[WhiteElo "1870"]
[BlackElo "1834"]
[PlyCount "89"]
[EventDate "2009.04.27"]
[EventType "team-tourn"]
[EventRounds "10"]
[EventCountry "POL"]
[SourceTitle "EXT 2011"]
[Source "ChessBase"]
[SourceDate "2010.11.26"]
[SourceVersion "1"]
[SourceVersionDate "2010.11.26"]
[SourceQuality "1"]

1. e4 d6 2. d4 Nf6 3. Nc3 g6 4. f4 Bg7 5. Nf3 0-0 6. Bd3 c5 7. dxc5 Qa5 8. cxd6 exd6 9. 0-0 Qc5+ 10. Kh1 Ng4 11. Nd5 Be6 12. b4 Qf2 13. Be3 Nxe3 14. Rxf2 Nxd1 15. Rxd1 Bxd5 16. exd5 Bc3 17. Re2 Bxb4 18. Re7 b6 19. f5 Bc3 20. fxg6 hxg6 21. Rf1 Bf6 22. Rc7 Kg7 23. Nd2 Be5 24. Ne4 Kg8 25. Ng5 f5 26. Ne6 Re8 27. Bb5 Nd7 28. Bxd7 Re7 29. Bc6 Rxc7 30. Nxc7 Rc8 31. Ne6 Kf7 32. Ng5+ Ke7 33. Nf3 Bc3 34. Rf2 Kf6 35. Re2 Be5 36. c4 Rh8 37. Kg1 g5 38. Kf2 g4 39. Nxe5 dxe5 40. d6 Ke6 41. Rd2 f4 42. d7 Rd8 43. h3 gxh3 44. gxh3 Kf5 45. Kf3 1-0

[Event "POL-chT U14 15th"]
[Site "Sielpia"]
[Date "2009.05.01"]
[Round "7"]
[White "Galaszewski, Patryk"]
[Black "Popiol, Michal"]
[Result "0-1"]
[WhiteElo "1834"]
[BlackElo "1778"]
[PlyCount "74"]
[EventDate "2009.04.27"]
[EventType "team-tourn"]
[EventRounds "10"]
[EventCountry "POL"]
[SourceTitle "EXT 2011"]
[Source "ChessBase"]
[SourceDate "2010.11.26"]
[SourceVersion "1"]
[SourceVersionDate "2010.11.26"]
[SourceQuality "1"]

1. d4 Nf6 2. c4 g6 3. Nc3 Bg7 4. e4 d6 5. f4 0-0 6. Nf3 c5 7. d5 e6 8. Be2 exd5 9. cxd5 Bg4 10. 0-0 Re8 11. h3 Bxf3 12. Bxf3 Nbd7 13. g4 h6 14. h4 Nh7 15. Qe1 a6 16. g5 hxg5 17. hxg5 Bd4+ 18. Kg2 f6 19. Qh4 fxg5 20. fxg5 Ne5 21. Qh6 Nf8 22. Bf4 Qe7 23. Ne2 Nxf3 24. Rxf3 Bg7 25. Qh1 Qxe4 26. Ng3 Qxd5 27. Rd1 Qxa2 28. Bxd6 Qxb2+ 29. Rf2 Qb5 30. Qh4 Rad8 31. Qf4 Rd7 32. Kh2 Qb3 33. Ne4 Qxd1 34. Nf6+ Bxf6 35. gxf6 Kf7 36. Qc4+ Ne6 37. Qh4 Qh5 0-1

[Event "Rewal op-B 13th"]
[Site "Rewal"]
[Date "2008.08.20"]
[Round "1"]
[White "Galaszewski, Patryk"]
[Black "Czernicki, Bogdan"]
[Result "0-1"]
[WhiteElo "1755"]
[BlackElo "2032"]
[PlyCount "118"]
[EventDate "2008.08.19"]
[EventType "swiss"]
[EventRounds "9"]
[EventCountry "POL"]
[SourceTitle "CBM 126 Extra"]
[Source "ChessBase"]
[SourceDate "2008.11.05"]
[SourceVersion "1"]
[SourceVersionDate "2008.11.05"]
[SourceQuality "1"]

1. d4 Nf6 2. c4 c5 3. Nf3 g6 4. Nc3 cxd4 5. Nxd4 Nc6 6. e4 d6 7. Be3 Bg7 8. f3 0-0 9. Bd3 Ng4 10. Nxc6 Nxe3 11. Nxd8 Nxd1 12. Nxd1 Rxd8 13. Rc1 b6 14. Nc3 Bb7 15. Ke2 Rd7 16. b4 Rc8 17. Rc2 e6 18. Rhc1 f5 19. Nb5 a6 20. Nc3 Rdc7 21. b5 Bxc3 22. bxa6 Bxa6 23. Rxc3 b5 24. cxb5 Rxc3 25. Rxc3 Rxc3 26. bxa6 fxe4 27. fxe4 Kf7 28. a4 Rc7 29. Ke3 e5 30. Bb5 Ke7 31. Kd3 Kd8 32. Bc4 Kc8 33. h4 Kb8 34. g4 h6 35. h5 gxh5 36. gxh5 Ka7 37. Bb5 Kb6 38. Bc4 Rg7 39. Ke3 Rg5 40. Be2 Rg3+ 41. Kd2 Rh3 42. Kc2 Ra3 43. Bb5 Ra2+ 44. Kc3 Rh2 45. Be8 Kxa6 46. Kc4 Rd2 47. Kb3 Rd4 48. Bc6 Kb6 49. Bd5 Rxd5 50. exd5 Kc5 51. Kc3 Kxd5 52. Kb4 Kc6 53. Ka5 e4 54. Ka6 e3 55. Ka7 e2 56. a5 e1Q 57. a6 Kc7 58. Ka8 Qe8+ 59. Ka7 Qb8# 0-1